| 000 | 00414nam a2200133Ia 4500 | ||
|---|---|---|---|
| 008 | 230917s9999||||xx |||||||||||||| ||und|| | ||
| 040 |
_e93166 _aMAIN |
||
| 041 | _aEnglish | ||
| 082 | _a677 A81S | ||
| 100 | _aAggarwal, Bhagat Ram | ||
| 245 | 0 | _aStudy of dimentional behaviour of 1 X 1 rib weft knotted cotton fabrics under water relaxation treatment & stream relaxation treatment | |
| 300 | _a38 p. | ||
| 942 | _cTH | ||
| 999 |
_c49773 _d49773 |
||